| 000 | 00783cam a2200229 4500 | ||
|---|---|---|---|
| 001 | ABS68366 | ||
| 008 | 041014n2004 000 0 eng u | ||
| 035 | _a(Sirsi) u127708 | ||
| 100 | _aAllmendinger, P. | ||
| 245 | _aRaining on the Planning Act parade | ||
| 260 | _c2004 | ||
| 490 |
_aEstates Gazette _v(0441) 9 October 2004, 145-147(3) |
||
| 520 | _aSuggests ways of improving development control functions in the planning process. Highlights the shortage of qualified planners. Provides statistics on planning applications. | ||
| 590 | _aABS | ||
| 590 | _aABS | ||
| 650 | _aPLANNING AND COMPULSORY PURCHASE ACT 2004 | ||
| 650 | _aDEVELOPMENT CONTROL | ||
| 650 | _aPLANNING APPLICATIONS | ||
| 650 | _aSIMPLIFIED PLANNING ZONES | ||
| 690 | _aPLANNING | ||
| 942 | _n0 | ||
| 999 |
_c118165 _d118165 |
||